000 00476nam a2200157 i 4500
001 80410
003 ES-MaACL
005 20230906174217.0
007 t|
008 041028s1972 sp ||||1| spa d
100 1 _aHigon Nogueroles, Benjamín.
_963644
245 1 0 _aInternado para señoritas /
_cBenjamín Higon Nogueroles.
260 _a[S.l. :
_bs.n.,
_c1972] (
_eTenerife :
_fGráf. Tenerife)
300 _a416 p. :
_bil. ;
_c19 cm.
852 _aES-MaACL
_jC-50005
_bR.84613
999 _c80410
_d80410